Nommez une capitale A-Z (Europe) - Statistiques

Statistiques générales
  • Ce quiz a été pris 382 fois
  • Le résultat moyen est 12 sur 16
Statistiques - réponses
Lettre Capitale % Correct
B Belgrade,Berlin,Berne,Bratislava, Bruxelles,Bucarest, Budapest
99%
P Paris,Podgorica,Prague,Pristina
93%
M Madrid,Minsk,Monaco,Moscou
92%
L La valette,Lisbonne,Ljubljana,Londres, Luxembourg
90%
A Amsterdam,Andorre-la-Vieille, Athènes
87%
V Vaduz,Varsovie,Vatican,Vienne, Vilnius
82%
R Reykjavik,Riga,
Rome
79%
C Chisinau,Copenhague
76%
H Helsinki
76%
S Sarajevo,Skopje,Sofia,Stockholm
76%
Z Zagreb
74%
O Oslo
73%
D Dublin
71%
T Tallinn,Tirana
67%
K Kiev
51%
N Nicosie
24%
Aucun quiz correspondant
Distribution des résultats
% des personnes avec chaque résultat
Percentile par nombre de réponses
Votre historique - résultats
Vous n’avez pas pris ce quiz